|
|
|
|
| LEADER |
00627nta a2200157 i 4500 |
| 001 |
dipl27618 |
| 005 |
20130314085018.0 |
| 008 |
110718s2003 hu om 0|| zxx d |
| 040 |
|
|
|a SZTE Diploma Repozitórium
|b hun
|
| 041 |
|
|
|a zxx
|
| 100 |
2 |
|
|a Csonkáné Karsai Margit
|
| 245 |
1 |
2 |
|a A munkaviszony megszüntetésének szabályozása a 90-es évek változó gazdaságában
|h [elektronikus dokumentum] /
|c Margit Csonkáné Karsai
|
| 260 |
|
|
|c 2003
|
| 650 |
|
4 |
|a Jogi és igazgatási tanulmányok
|
| 700 |
1 |
|
|a Arany Jánosné
|e ths
|
| 856 |
4 |
0 |
|u http://diploma.bibl.u-szeged.hu/id/eprint/27618/1/2003_csonkane_karsai_margit.pdf
|z Dokumentum-elérés
|